|
|
|
|
| LEADER |
00000nab a2200000 ar4500 |
| 001 |
vtls010074682 |
| 003 |
SK-MaSNL |
| 005 |
20260303050427.0 |
| 008 |
100312c1974 xo |r|p|||||||000 b|slo |
| 015 |
|
|
|a SNBRB1974
|
| 038 |
|
|
|a SNKBUCL
|
| 040 |
|
|
|a SNKBUCL
|b slo
|c SNKBUCL
|e AACR2
|
| 041 |
|
|
|a slo
|
| 044 |
|
|
|a xo
|c SK
|
| 080 |
|
|
|a 78.071.2:787.1
|2 2001
|
| 080 |
|
|
|a 787.1
|2 2001
|
| 100 |
1 |
|
|a Špičková, Barbara
|4 aut
|9 1038563
|
| 245 |
1 |
0 |
|a Hudba je môj život
|c Barbara Špičková
|
| 600 |
1 |
7 |
|a Oistrach, David Fëdorovič,
|d 1908-1974
|2 snkbucl
|9 1038564
|
| 655 |
|
7 |
|a nekrológy
|2 snkbucl
|9 402542
|
| 773 |
0 |
|
|t Svet socializmu
|g Č. 47 (1974), s. 12-13
|
| 852 |
|
|
|a SNK
|b KIS3GCP
|
| 958 |
|
|
|a BC
|
| 999 |
|
|
|c 1707428
|d 1709358
|